| 000 | 02734nam0a22004571 4500 | ||
|---|---|---|---|
| 001 | RU\NLR\A1\2165 | ||
| 005 | 20260409064853.0 | ||
| 035 | _a(NLR Aleph) 009672188 | ||
| 090 |
_a9666793 _c9666793 |
||
| 100 | _a19960522d1766 m y0rusy50 ca | ||
| 101 | 0 | _arus | |
| 102 | _aRU | ||
| 140 | _ay y cayaa0000 | ||
| 200 | 1 |
_aКомедия Нечаянная женидба или Обманутой старик _fСочиненная И. Ф. Б. |
|
| 210 |
_aВ Санктпетербурге _c[тип. Сухопут. кадет. корпуса] _d1766 |
||
| 215 |
_a91, [1] с. _d12° |
||
| 306 | _aНапечатано на счет Е.С.Харламова | ||
| 316 |
_aЭкз. РНБ (18.131.7.49) является частью владельч. конволюта. Припл. к: Острогорский П.П. Друзья соперники. (СПб., 1782). На с.1 и 91 круглый штамп ГПБ. _5NLR: 18.131.7.49 |
||
| 321 | 1 | _aСК XVIII 496 | |
| 482 | 0 |
_1001RU\NLR\A1\20414 _12001#$aДрузья соперники$eДрамма в пяти действиях сочинена в Санктпетербурге 1781 году. _1700#1$6z01790$aОстрогорский$bП.П.$f1764-1834$gПавел Петрович$4070 _99682273 _aОстрогорский, П. П. (1764-1834) _cВ Санктпетербурге _d1782 _nпечатано иждивением книгопродавца С. И. Шеля _oдрамма в пяти действиях сочинена в Санктпетербурге 1781 году. _pXXXI, [1], 102 с. _tДрузья соперники _uhttp://vivaldi.nlr.ru/bx000017229/view |
|
| 517 | 1 | _aНечаянная женидба или Обманутой старик | |
| 517 | 1 | _aОбманутой старик | |
| 518 | 1 | _aКомедия Нечаянная женитьба или Обманутый старик | |
| 518 | 1 | _aНечаянная женитьба или Обманутый старик | |
| 518 | 1 | _aОбманутый старик | |
| 620 | _dСанкт-Петербург | ||
| 700 | 1 |
_6z01790 _aБерг _bИ. фон _gИоганн фон _4070 |
|
| 702 | 1 |
_4570 _7ca _8rus _aХарламов _bЕ. С. _f1734-1785 _gЕвстигней Саввич _9168171 _3RU\NLR\AUTH\770168219 |
|
| 712 | 0 | 2 |
_4610 _aСухопутный кадетский корпус _cПетербург _bТипография _3RU\NLR\AUTH\880627520 _92659888 |
| 790 | 0 |
_6z01700 _aИ. Ф. Б. |
|
| 801 | 0 |
_aRU _bNLR _c19960522 |
|
| 852 |
_aNLR _j18.131.7.49 |
||
| 899 | _aРГБ | ||
| 899 | _aВОУНБ | ||
| 899 | _aБАН | ||
| 899 |
_aКостОУНБ _y2 экз. |
||
| 899 | _aГПИБ | ||
| 942 | _cBOOK | ||
| 980 | _aNB | ||
| 980 | _aA1XVIIIv | ||